Актуальные вопросы математического образования: состояние, проблемы и перспективы развития (Запись № 13664380)

Подробности
000 -МАРКЕР
контрольное поле 03008nam0a2200373 4500
001 - ИДЕНТИФИКАТОР ЗАПИСИ
контрольное поле RU\NLR\BIBL_A\022312613
005 - ИДЕНТИФИКАТОР ВЕРСИИ
контрольное поле 20260420014124.0
010 ## - МЕЖДУНАРОДНЫЙ СТАНДАРТНЫЙ НОМЕР КНИГИ (ISBN)
Номер (ISBN) 978-5-93190-433-7
Тираж 58
021 ## - НОМЕР ГОСУДАРСТВЕННОЙ РЕГИСТРАЦИИ
Код страны Российская Федерация
Номер КН-П-24-043046
Номер Листа государственной регистраци КН-П-24-4287
035 ## - ДРУГИЕ СИСТЕМНЫЕ НОМЕРА
Идентификатор записи (NLR Aleph) 022312613
100 ## - ДАННЫЕ ОБЩЕЙ ОБРАБОТКИ
Данные общей обработки 20240903d2024 k y0rusy50 ca
101 0# - ЯЗЫК РЕСУРСА
Язык текста, звукозаписи и т.д. русский
Язык резюме английский
Язык оглавления английский
102 ## - СТРАНА ПУБЛИКАЦИИ ИЛИ ПРОИЗВОДСТВА
Страна публикации Российская Федерация
105 ## - ПОЛЕ КОДИРОВАННЫХ ДАННЫХ: ТЕКСТОВЫЕ МАТЕРИАЛЫ, МОНОГРАФИЧЕСКИЕ
Кодированные данные о монографическом текстовом документе a z 100yy
181 #0 - ПОЛЕ КОДИРОВАННЫХ ДАННЫХ: ВИД СОДЕРЖАНИЯ
Код вида содержания (ISBD) i3
Код характеристики содержания (ISBD) axxe
182 #0 - ПОЛЕ КОДИРОВАННЫХ ДАННЫХ: ТИП СРЕДСТВА
Код типа средства (ISBD) n - непосредственное
200 1# - ЗАГЛАВИЕ И СВЕДЕНИЯ ОБ ОТВЕТСТВЕННОСТИ
Основное заглавие Актуальные вопросы математического образования: состояние, проблемы и перспективы развития
Сведения, относящиеся к заглавию сборник статей по материалам VIII Всероссийской научно-практической конференции с международным участием, 10-12 апреля 2024 года
Первые сведения об ответственности Департамент образования и науки Ханты-Мансийского автономного округа - Югры, Бюджетное учреждение высшего образования Ханты-Мансийского автономного округа - Югры "Сургутский государственный педагогический университет", Кафедра высшей математики и информатики
Последующие сведения об ответственности ответственный редактор: А. В. Иванова, кандидат педагогических наук, доцент
203 ## - ВИД СОДЕРЖАНИЯ И ТИП СРЕДСТВА
Вид содержания Текст
Дополнительные сведения об издании визуальный
Тип средства непосредственный
210 ## - ПУБЛИКАЦИЯ, РАСПРОСТРАНЕНИЕ И ДР.
Место издания, распространения и т.д. Сургут
Имя издателя, распространителя и т. д. Сургутский государственный педагогический университет
Дата издания, распространения и т.д. 2024
215 ## - ФИЗИЧЕСКАЯ ХАРАКТЕРИСТИКА
Специфическое обозначение материала и объем 168 с.
Другие сведения о физической характеристике ил., цв. ил., табл.
Размеры 29
300 ## - ОБЩИЕ ПРИМЕЧАНИЯ
Текст примечания Рез. англ.
320 ## - ПРИМЕЧАНИЯ О НАЛИЧИИ В ДОКУМЕНТЕ БИБЛИОГРАФИИ / УКАЗАТЕЛЯ
Текст примечания Библиогр. в конце ст.
606 1# - НАИМЕНОВАНИЕ ТЕМЫ КАК ПРЕДМЕТ
Наименование темы Физико-математическое образование
Формальный подзаголовок Сборники
Системный номер авторитетной/нормативной записи 2495042
Идентификатор авторитетной/нормативной записи RU\NLR\AUTH\661480160
686 1# - ИНДЕКСЫ ДРУГИХ КЛАССИФИКАЦИЙ
Индекс Ч488.2я43
702 #1 - ИМЯ ЛИЦА - ВТОРИЧНАЯ ОТВЕТСТВЕННОСТЬ
Код отношения Редактор
Графика поля Кириллица
Материалы, к которым относится поле rus
Начальный элемент ввода Иванова
Часть имени, кроме начального элемента ввода А. В.
Дополнения к именам, кроме дат канд. пед. наук
Расширение инициалов личного имени Ангелина Валерьевна
Системный номер авторитетной/нормативной записи 2642116
Идентификатор авторитетной/нормативной записи RU\NLR\AUTH\770272233
711 12 - НАИМЕНОВАНИЕ ОРГАНИЗАЦИИ - АЛЬТЕРНАТИВНАЯ ОТВЕТСТВЕННОСТЬ
Начальный элемент ввода "Актуальные вопросы математического образования: состояние, проблемы и перспективы развития", всероссийская научно-практическая конференция с международным участием
Порядковый номер временной организации и / или порядковый номер ее части 8
Место проведения временной организации Сургут
Дата проведения временной организации 2024
Системный номер авторитетной/нормативной записи 887194
Идентификатор авторитетной/нормативной записи RU\NLR\AUTH\880615343
712 02 - НАИМЕНОВАНИЕ ОРГАНИЗАЦИИ - ВТОРИЧНАЯ ОТВЕТСТВЕННОСТЬ
Код отношения Прочие
Начальный элемент ввода Сургутский государственный педагогический университет
Структурное подразделение Кафедра высшей математики и информатики
Системный номер авторитетной/нормативной записи 842042
Идентификатор авторитетной/нормативной записи RU\NLR\AUTH\880588097
942 ## - ДОПОЛНИТЕЛЬНЫЕ ЭЛЕМЕНТЫ ЗАПИСИ (АБИС)
Тип экземпляра АБИС Книга
980 ## - КОЛЛЕКЦИЯ
Название коллекции Национальная библиография

Нет доступных экземпляров.